Fenichel's clinical pediatric neurology / (Record no. 408)

000 -LEADER
fixed length control field 01058nam a22003737a 4500
001 - CONTROL NUMBER
control field 20944090
003 - CONTROL NUMBER IDENTIFIER
control field OSt
005 - DATE AND TIME OF LATEST TRANSACTION
control field 20241031115430.0
008 - FIXED-LENGTH DATA ELEMENTS--GENERAL INFORMATION
fixed length control field 190423s2019 mou 000 0 eng
010 ## - LIBRARY OF CONGRESS CONTROL NUMBER
LC control number 2019940504
020 ## - INTERNATIONAL STANDARD BOOK NUMBER
International Standard Book Number 9780323485289 (hard cover)
040 ## - CATALOGING SOURCE
Original cataloging agency DLC
Language of cataloging eng
Description conventions rda
Transcribing agency DLC
041 ## - LANGUAGE CODE
Language code of text/sound track or separate title eng
042 ## - AUTHENTICATION CODE
Authentication code pcc
080 ## - UNIVERSAL DECIMAL CLASSIFICATION NUMBER
Universal Decimal Classification number 616-053.2
Item number P-65
100 1# - MAIN ENTRY--PERSONAL NAME
Personal name Pina Garza, Eric.
245 10 - TITLE STATEMENT
Title Fenichel's clinical pediatric neurology /
Statement of responsibility, etc. Eric Pina Garza, Kaitlin C. James.
250 ## - EDITION STATEMENT
Edition statement 8th edition.
260 ## - PUBLICATION, DISTRIBUTION, ETC.
Place of publication, distribution, etc. St. Louis, MO :
Name of publisher, distributor, etc. Elsevier,
Date of publication, distribution, etc. 2019.
263 ## - PROJECTED PUBLICATION DATE
Projected publication date 1907
300 ## - PHYSICAL DESCRIPTION
Extent 391 p.
Other physical details ill.
336 ## - CONTENT TYPE
Content type term text
Content type code txt
Source rdacontent
337 ## - MEDIA TYPE
Media type term unmediated
Media type code n
Source rdamedia
338 ## - CARRIER TYPE
Carrier type term volume
Carrier type code nc
Source rdacarrier
365 ## - TRADE PRICE
Price amount 90.99 usd
650 #0 - SUBJECT ADDED ENTRY--TOPICAL TERM
9 (RLIN) 117
Topical term or geographic name entry element Pediatrics
650 #0 - SUBJECT ADDED ENTRY--TOPICAL TERM
9 (RLIN) 100
Topical term or geographic name entry element Neurology
653 ## - INDEX TERM--UNCONTROLLED
Uncontrolled term პედიატრია
653 ## - INDEX TERM--UNCONTROLLED
Uncontrolled term ნევროლოგია
700 ## - ADDED ENTRY--PERSONAL NAME
9 (RLIN) 308
Personal name James, C. Kaitlin
906 ## - LOCAL DATA ELEMENT F, LDF (RLIN)
a 0
b ibc
c orignew
d 2
e epcn
f 20
g y-gencatlg
942 ## - ADDED ENTRY ELEMENTS (KOHA)
Source of classification or shelving scheme
Koha item type Books
Edition 8
Holdings
Withdrawn status Lost status Source of classification or shelving scheme Damaged status Not for loan Permanent location Current location Date acquired Inventory number Total Checkouts Full call number Barcode Date last seen Price effective from Koha item type
          Ken Walker International University Ken Walker International University 11/24/2020 1165   616-053.2 P-65 1165 11/24/2020 11/24/2020 Books
          Ken Walker International University Ken Walker International University 11/24/2020 2091   616-053.2 P-65 2091 11/24/2020 11/24/2020 Books

Powered by Koha